000
00301nam a22001217a 4500
999
_c
4764
_d
4764
008
250320b ||||| |||| 00| 0 eng d
020
_a
9780241616741
082
_a
823.92 FLE
100
_a
FLETCHER,TOM
_e
AUTHOR
245
_a
THERE'S A UNICORN IN YOUR BOOK
260
_b
Puffin Books 2022
942
_2
ddc